De quelle région vient cette spécialité ? - Statistiques

Statistiques générales
  • Ce quiz a été pris 141 fois
  • Le résultat moyen est 53 sur 85
Statistiques - réponses
Spécialité Région % Correct
Baeckeoffe Alsace
93%
Choucroute Alsace
93%
Flammekueche Alsace
93%
Kouglof Alsace
93%
Far Bretagne
92%
Galettes de sarrasin Bretagne
92%
Kouign amann Bretagne
92%
Aligot Auvergne
85%
Pôtée auvernate Auvergne
85%
Truffade Auvergne
85%
Carbonnade Nord
83%
Lapin aux pruneaux Nord
83%
Tarte au maroilles Nord
83%
Waterzooï Nord
83%
Boeuf bourguignon Bourgogne
82%
Coq au vin Bourgogne
82%
Escargots au beurre d'ail Bourgogne
82%
Kir Bourgogne
82%
Oeuf en meurette Bourgogne
82%
Pochouse de poisson Bourgogne
82%
Lapin au cidre Normandie
82%
Sole dieppoise Normandie
82%
Tripes à la mode de Caen Normandie
82%
Bouillabaisse Provence
78%
Pissaladière Provence
78%
Ratatouille Provence
78%
Tropézienne Provence
78%
Madeleine Lorraine
76%
Quiche Lorraine
76%
Soufflé à la mirabelle Lorraine
76%
Soupe au chou et au lard Lorraine
76%
Bouchée à la reine Ile-de-France
70%
Chouquette Ile-de-France
70%
Navarin d'agneau Ile-de-France
70%
Paris-Brest Ile-de-France
70%
Soupe aux oignons Ile-de-France
70%
Cari poulet Réunion
70%
Gratin de chouchou Réunion
70%
Rougail saucisses Réunion
70%
Canelés Aquitaine
69%
Confit de canard Aquitaine
69%
Piperade Aquitaine
69%
Pommes de terre sarladaises Aquitaine
69%
Civet de sanglier Corse
63%
Figatellu Corse
63%
Veau aux olives Corse
63%
Fondue au comté Savoie
63%
Tarte aux brimbelles Savoie
63%
Tartiflette Savoie
63%
Fouace Pays de la Loire
61%
Rigolette Pays de la Loire
61%
Rillauds Pays de la Loire
61%
Rillettes Pays de la Loire
61%
Faisane au chou Centre
54%
Géline à la lochoise Centre
54%
Pithiviers Centre
54%
Tarte Tatin Centre
54%
Calalou Guyane
54%
Chow mein Guyane
54%
Fricassée d'agouti Guyane
54%
Baienne Champagne
50%
Gâteau mollet Champagne
50%
Pieds de cochon Champagne
50%
Potée champenoise Champagne
50%
Kakamoku Mayotte
50%
Mataba Mayotte
50%
Pilao Mayotte
50%
Ficelle Picardie
45%
Flamiche aux poireaux Picardie
45%
Gâteau battu Picardie
45%
Clafoutis Limousin
37%
Soupe aux chataignes et aux raves Limousin
37%
Tourte de pommes de terre Limousin
37%
Cassoulet Midi-Pyrénées
30%
Garbure Midi-Pyrénées
30%
Gâteau à la broche Midi-Pyrénées
30%
Pastis (gâteau) Midi-Pyrénées
30%
Bébélé Antilles
25%
Colombo Antilles
25%
Dombré Antilles
25%
Tourment d'amour Antilles
25%
Cardons à la moëlle Lyonnais
22%
Poularde demi-deuil Lyonnais
22%
Quenelles Lyonnais
22%
Tablier de sapeur Lyonnais
22%
Aucun quiz correspondant
Distribution des résultats
% des personnes avec chaque résultat
Percentile par nombre de réponses
Votre historique - résultats
Vous n’avez pas pris ce quiz